The School Counselor as Consultant : As Integrated Model for School-Based Consultation

Bibliographic Details
Main Authors: Parson, Richard D. (Author), Kahn, Wallace J. (Author)
Format: Book
Language:English
Published: Auatralia : Thomson-Brook/Cole 2005
Subjects:

MARC

LEADER 00000cam a2200000 7i4500
001 0000015872
005 20241024.0
008 050921 at eng
020 |a 0534628656 
040 |a INS   |b eng   |e rda 
090 0 0 |a LB1027.5   |b .P318 2005 
100 1 |a Parson, Richard D. ,   |e author 
245 1 4 |a The School Counselor as Consultant :   |b As Integrated Model for School-Based Consultation   |c Richard D. Parson, Wallace J. Kahn 
264 1 |a Auatralia :   |b Thomson-Brook/Cole   |c 2005 
264 4 |c ©2005 
300 |a xx, 364 pages ;   |c 23 cm. 
336 |a text  |2 rdacontent 
337 |a unmediated  |2 rdamedia 
338 |a volume  |2 rdacarrier 
504 |a Includes bibliographical references and index 
650 0 |a Educational counselling 
700 1 |a Kahn, Wallace J. ,   |e author 
999 |a 0000015844   |b BOOK   |c Open Shelf   |e Default branch